| 000 | 00674nam a2200193Ia 4500 | ||
|---|---|---|---|
| 003 | GCL | ||
| 008 | 140319s9999 xx 000 0 ara d | ||
| 040 |
_aGCL / _cGCL |
||
| 082 | 0 | 4 |
_aط _b813.2 _bن س |
| 100 | 1 | _aنجوى مصطفى حسيب | |
| 245 | 1 | 0 |
_aسلسلة ماما نجوى - مدينة النمل - الاسد ريمبو ملك الغابة - سر هديل ومرجان / _cنجوى مصطفى حسيب |
| 260 |
_aالقاهرة : _bدار الفكر العربى |
||
| 300 |
_a14 ص ؛ _c24 سم |
||
| 490 |
_aسلسلة ماما نجوى _v0 |
||
| 650 | 0 | 4 | _aالاطفال |
| 650 | 0 | 4 | _aالقصص |
| 650 | 0 | 4 | _aقصص الاطفال |
| 942 |
_2ddc _cBK |
||
| 999 |
_c56599 _d56599 |
||